000 00444nam a2200157 i 4500
001 32182
003 ES-MaACL
005 20230906154527.0
007 t|
008 030130s1968 sp ||||1| spa d
100 1 _aBenítez de Castro, Cecilio.
_927625
245 1 3 _aLa noche de la luciérnaga /
_cCecilio Benítez de Castro.
260 _aBarcelona :
_bPlaneta,
_c[1968]
300 _a335 p. ;
_c19 cm.
852 _aES-MaACL
_jC-34246
_bR.65110
999 _c32182
_d32182